Statistiken für Vornamen aus der Fußball-Bundesliga 2022/23

Klicken Sie hier um das Quiz zu spielen!

Allgemein

  • Dieses Quiz wurde 1.293 mal gespielt
  • Das Durchschnittsergebnis liegt bei 12 aus 18

Antwortstatistiken

NachnameVereinVorname% Korrekt
GötzeEintracht FrankfurtMario
96%
SchlotterbeckBorussia DortmundNico
96%
WernerRB LeipzigTimo
95%
ComanBayern MünchenKingsley
93%
TahBayer LeverkusenJonathan
92%
Kainz1. FC KölnFlorian
81%
BeckerUnion BerlinSheraldo
75%
SerdarHertha BSCSuat
73%
BülterSchalke 04Marius
66%
BensebainiBorussia MönchengladbachRamy
61%
DōanSC FreiburgRitsu
59%
UduokhaiFC AugsburgFelix
54%
WimmerVfL WolfsburgPatrick
53%
SkovTSG HoffenheimRobert
53%
BellFSV Mainz 05Stefan
53%
BurkeWerder BremenOliver
52%
StenzelVfB StuttgartPascal
46%
HofmannVfL BochumPhilipp
39%

Verteilung der Resultate

Perzentil nach korrekt beantworteten Fragen

Anzahl Personen mit jedem Resultat

Ihre Resultats-Entwicklung

Sie haben dieses Quiz noch nicht gespielt